书目信息 |
| 题名: |
装配式混凝土建筑施工技术
|
|
| 作者: | 肖凯成 , 杨波 , 成汉标 主编 | |
| 分册: | ||
| 出版信息: | 北京 化学工业出版社 2025.01 |
|
| 页数: | 174页 | |
| 开本: | 26cm | |
| 丛书名: | ||
| 单 册: | ||
| 中图分类: | TU755 | |
| 科图分类: | ||
| 主题词: | 装配式混凝土结构--zhuang pei shi hun ning tu jie gou--混凝土施工--教材 | |
| 电子资源: | ||
| ISBN: | 978-7-122-46402-6 | |
| 000 | 01414nam0 2200289 450 | |
| 001 | 95166 | |
| 005 | 20250901200534.02 | |
| 010 | @a978-7-122-46402-6@dCNY39.80 | |
| 100 | @a20250110d2025 em y0chiy50 ea | |
| 101 | 0 | @achi |
| 102 | @aCN@b110000 | |
| 105 | @aak a 000yy | |
| 106 | @ar | |
| 200 | 1 | @a装配式混凝土建筑施工技术@Azhuang pei shi hun ning tu jian zhu shi gong ji shu@f肖凯成, 杨波, 成汉标主编 |
| 205 | @a第2版 | |
| 210 | @a北京@c化学工业出版社@d2025.01 | |
| 215 | @a174页@c图@d26cm | |
| 320 | @a有书目 (第174页) | |
| 330 | @a本书共分为6部分内容, 分别介绍了装配式混凝土建筑的分类、特点、优势等基本知识, 国内外装配式混凝土建筑的发展历程 ; 装配式混凝土构件材料、配件和模具的使用要求, 解读了装配式结构专项说明 ; 典型预制构件的生产过程, 包含生产设备调试、模具准备、预制构件制作、预制构件质量检验、预制构件运输、预制构件堆放的整个生产过程 ; 典型预制构件现场吊装准备、施工流程及施工注意要点 ; 建筑信息化模型BIM在构配件生产、物流运输、现场存储、现场施工等各个环节的应用 ; 装配式混凝土建筑在生产、结构施工等环节质量验收要求, 并列举了大量的验收报表可供参考。 | |
| 333 | @a应用型人才培养教材 | |
| 606 | 0 | @a装配式混凝土结构@Azhuang pei shi hun ning tu jie gou@x混凝土施工@j教材 |
| 690 | @aTU755@v5 | |
| 701 | 0 | @a肖凯成@Axiao kai cheng@4主编 |
| 701 | 0 | @a杨波@Ayang bo@4主编 |
| 701 | 0 | @a成汉标@Acheng han biao@4主编 |
| 801 | 0 | @aCN@c20250909 |
| 905 | @a河南城建学院图书馆@dTU755@eX293=2@f1 | |
| 装配式混凝土建筑施工技术/肖凯成, 杨波, 成汉标主编.-第2版.-北京:化学工业出版社,2025.01 |
| 174页:图;26cm |
| 使用对象:应用型人才培养教材 |
| ISBN 978-7-122-46402-6:CNY39.80 |
| 本书共分为6部分内容, 分别介绍了装配式混凝土建筑的分类、特点、优势等基本知识, 国内外装配式混凝土建筑的发展历程 ; 装配式混凝土构件材料、配件和模具的使用要求, 解读了装配式结构专项说明 ; 典型预制构件的生产过程, 包含生产设备调试、模具准备、预制构件制作、预制构件质量检验、预制构件运输、预制构件堆放的整个生产过程 ; 典型预制构件现场吊装准备、施工流程及施工注意要点 ; 建筑信息化模型BIM在构配件生产、物流运输、现场存储、现场施工等各个环节的应用 ; 装配式混凝土建筑在生产、结构施工等环节质量验收要求, 并列举了大量的验收报表可供参考。 |
| ● |
| 相关链接 |
|
|
|
正题名:装配式混凝土建筑施工技术
索取号:TU755/X293=2
 
预约/预借
| 序号 | 登录号 | 条形码 | 馆藏地/架位号 | 状态 | 备注 |
| 1 | 1629224 | 216292241 | 建筑库201/201建筑库 42排2列4层/ [索取号:TU755/X293=2] | 在馆 |